Diskusní materiál k východiskům dlouhodobé péče v České republice /

Hlavní autor: Válková, Monika, 1966-
Korporativní autor: Česko. Ministerstvo práce a sociálních věcí
Další autoři: Kojesová, Marie, Holmerová, Iva, 1955-, Univerzita Karlova. Katedra řízení a supervize v sociálních a zdravotnických organizacích
Jazyk: Čeština
Vydáno: Praha : MPSV, 2010
Vydání: Vyd. 1.
Témata:
Fyzický popis: 77 s. : il., 1 mapa ; 30 cm
Knihy
Uloženo v:
LEADER 02255nam a2200529 a 4500
001 nkc20102131378
003 CZ PrNK
005 20101125100433.0
007 ta
008 101026s2010 xr ab f 000 0 cze
015 |a cnb002131378 
020 |a 978-80-7421-021-1  |q (brož.) :  |c neprodejné 
035 |a (OCoLC)693936017 
040 |a ABA001  |b cze 
043 |a e-xr--- 
072 7 |a 364-1/-7  |x Druhy sociální pomoci a služeb  |2 Konspekt  |9 18 
080 |a 364.4:616-036.86-052  |2 MRF 
080 |a 364.69-3  |2 MRF 
080 |a 36  |2 MRF 
080 |a (437.3)  |2 MRF 
080 |a (047.31)  |2 MRF 
100 1 |a Válková, Monika,  |d 1966-  |7 xx0104053  |4 aut 
245 1 0 |a Diskusní materiál k východiskům dlouhodobé péče v České republice /  |c [autorský kolektiv Monika Válková, Marie Kojesová, Iva Holmerová] 
250 |a Vyd. 1. 
260 |a Praha :  |b MPSV,  |c 2010 
300 |a 77 s. :  |b il., 1 mapa ;  |c 30 cm 
500 |a Nad názvem: Ministerstvo práce a sociálních věcí ve spolupráci s katedrou řízení a supervize v sociálních a zdravotnických organizacích, Fakulta humanitních studií Univerzity Karlovy 
500 |a 300 výt. 
504 |a Obsahuje bibliografické odkazy 
650 0 7 |a péče o dlouhodobě nemocné  |7 ph238359  |z Česko  |2 czenas 
650 0 7 |a zdravotně-sociální péče  |7 ph135125  |z Česko  |2 czenas 
650 0 7 |a sociální politika  |7 ph116210  |z Česko  |2 czenas 
650 0 9 |a long-term care of the sick  |z Czechia  |2 eczenas 
650 0 9 |a medical social care  |z Czechia  |2 eczenas 
650 0 9 |a social policy  |z Czechia  |2 eczenas 
655 7 |a výzkumné zprávy  |7 fd131869  |2 czenas 
655 9 |a research reports  |2 eczenas 
700 1 |a Kojesová, Marie  |7 pna2010604363  |4 aut 
700 1 |a Holmerová, Iva,  |d 1955-  |7 mzk2004246561  |4 aut 
710 1 |a Česko.  |b Ministerstvo práce a sociálních věcí  |7 ko20010091994 
710 2 |a Univerzita Karlova.  |b Katedra řízení a supervize v sociálních a zdravotnických organizacích  |7 olak2008419484 
910 2 |a BOA001  |b 4-1246.631 
928 9 |a Ministerstvo práce a sociálních věcí 
990 |a BK 
995 |a 01 
991 |b 201011  |c NOV  |e n 
996 6 |b 2610451152  |c 4-1246.631  |l MZK  |r Sklad / do 1 hodiny  |n 5  |p p.v.  |w 001151760  |u 000010  |a 1  |e BOA001  |j MZK50  |s P